Normal view MARC view
  • Henkel, J.

Entry Personal Name

Number of records used in: 1

001 - CONTROL NUMBER

  • control field: 81536

003 - CONTROL NUMBER IDENTIFIER

  • control field: NUST

005 - DATE AND TIME OF LATEST TRANSACTION

  • control field: 20210813123113.0

008 - FIXED-LENGTH DATA ELEMENTS

  • fixed length control field: 210813|| aca||aabn | a|a d

040 ## - CATALOGING SOURCE

  • Original cataloging agency: NUST
  • Transcribing agency: NUST

100 ## - HEADING--PERSONAL NAME

  • Personal name: Henkel, J.
  • Fuller form of name: (Jörg)

670 ## - SOURCE DATA FOUND

  • Source citation: Work cat.: (NUST)32950: Shafique, Muhammad. 81533, Hardware/software architectures for low-power embedded multimedia systems /
© 2023 Central Library, National University of Sciences and Technology. All Rights Reserved.